Football Teams Sadio Mané Played For - Statistics

General Stats
  • This quiz has been taken 64 times
  • The average score is 6 of 7
Answer Stats
League Years Team % Correct
Germany 2022-2023 FC Bayern München
100%
England 2016-2022 Liverpool FC
100%
Saudi Arabia 2023- Al-Nassr FC
89%
Austria 2012-2014 Red Bull Salzburg
82%
England 2014-2016 Southampton FC
82%
France 2012 FC Metz
63%
France 2011-2012 FC Metz B
61%
No matching quizzes found
Score Distribution
Percent of People with Each Score
Percentile by Number Answered
Your Score History
You have not taken this quiz